| 000 | 01063nmm a2200301 a 4500 | ||
|---|---|---|---|
| 001 | ocm0002146490 | ||
| 003 | TR-IsHL | ||
| 005 | 20201028183054.0 | ||
| 008 | 190312s2008 tu tur | ||
| 007 | cr cn | ||
| 020 | _a9789756709559 | ||
| 035 |
_a2146490 _b(N$T) |
||
| 050 | 0 | 4 |
_aCS3040 _b.T38 2008 |
| 090 | 0 | 4 |
_aCS3040 _b.T38 2008 |
| 245 | 1 | 0 |
_aBu toprağın çocuk isimleri sözlüğü: Anadolu halklarından çocuk isimleri _h[electronic resource] / _chazırlayan, Recep S. Tatar |
| 250 | _a1. baskı. | ||
| 260 |
_aİstanbul : _bSu Yayınları, _c2008 |
||
| 300 | _a184 p. | ||
| 650 | 4 | _aDil ve Edebiyat | |
| 650 | 4 | _aLanguage and Literature | |
| 650 | 0 |
_aİsimler, Kişi _x Türkçe _x Sözlükler |
|
| 650 | 0 |
_aNames, Personal _x Turkish _x Dictionaries |
|
| 650 | 0 |
_aİsimler, Türkçe _x Sözlükler |
|
| 650 | 0 |
_aNames, Turkish _x Dictionaries |
|
| 650 | 7 |
_aREFERENCE / Dictionaries _2bisacsh |
|
| 700 | 1 | _aTatar, Recep S. | |
| 856 | 4 | 0 | _uhttp://search.ebscohost.com/login.aspx?direct=true&scope=site&db=e011xww&AN=2146490 |
| 999 |
_c20364 _d20364 |
||